Invernaderos de plástico: tecnología y manejo

Gorde:
Xehetasun bibliografikoak
Egile nagusia: Castilla, Nicolás (Egilea)
Formatua: Liburua
Hizkuntza:gaztelania
Argitaratua: Madrid Mundi- Prensa 2004
Gaiak:
Etiketak: Etiketa erantsi
Etiketarik gabe, Izan zaitez lehena erregistro honi etiketa jartzen!

MARC

LEADER 00000nam a2200000 a 4500
001 UCI0833
003 CL-VaPUC
008 070601e20040000SP |||||||||||||||||spa|d
020 |a 8484762211 
082 0 4 |a 631.583  |b CAS  |2 21 
100 0 |a Castilla, Nicolás  |e author  |9 520965 
245 1 0 |a Invernaderos de plástico: tecnología y manejo 
300 |a 462 p 
942 |c BK 
945 |d 20070601 00:00:00  |a jtorresc 
260 |a Madrid  |b Mundi- Prensa  |c 2004 
650 0 |a Agricultura  |9 255598 
650 7 |a PLASTICULTURA  |2 CL-VaPUC  |9 475101 
650 7 |a CALIDAD DEL AIRE  |2 CL-VaPUC  |9 390994 
650 0 |a Tecnología agrícola  |9 325634 
650 0 |a Invernaderos  |9 264317 
583 |a last modification  |c 20140404 10:43:28  |k Rodrigo Vera 
999 |c 325811  |d 325809 
952 |0 0  |1 0  |4 0  |6 631_583000000000000_CAS_2004  |7 0  |8 R  |9 407161  |a BIBAGR  |b BIBAGR  |d 2019-11-22  |i 4344243  |l 1  |o 631.583 CAS 2004  |p 4344243  |r 2025-01-20  |s 2024-04-04  |w 2019-11-22  |y BK_R  |k AGR 
952 |0 0  |1 0  |4 0  |6 631_583000000000000_CAS_2004  |7 0  |8 R  |9 407162  |a BIBAGR  |b BIBAGR  |d 2019-11-22  |i 4414713  |l 3  |o 631.583 CAS 2004  |p 4414713  |r 2025-01-20  |s 2024-04-03  |w 2019-11-22  |y BK_R  |k AGR